| 000 | 00362nam a2200157Ia 4500 | ||
|---|---|---|---|
| 008 | 230524s9999 xx 000 0 und d | ||
| 082 |
_a4.6 _bTAN |
||
| 100 | _aAndrew S Tanenbaum | ||
| 245 | 0 | _aComputer Networks | |
| 250 | _a3RD | ||
| 260 |
_aNEW DELHI _bPHI _c1998 |
||
| 300 | _aXVII;813 | ||
| 500 | _aQuantity Number: 45 | ||
| 650 | _aComp-Sc | ||
| 942 | _cBK | ||
| 999 |
_c5907 _d5907 |
||